000 00900nam a2200289 a 4500
008
020 _a0205198708 (pbk.)
049 _aMAIN
090 _aPE1408
_bNAD
100 1 _aNadell, Judith.
245 1 4 _aThe Macmillan writer :
_brhetoric, reader, handbook /
_cJudith Nadell, Linda McMeniman, John Langan.
250 _a3rd ed.
260 _aBoston, MA :
_bAllyn and Bacon,
_c1997.
300 _axxvii, 706 p. ;
_c24 cm.
504 _aIncludes bibliographical references.
500 _aIncludes index.
650 0 _aEnglish language
_xRhetoric.
650 0 _aEnglish language
_xGrammar
_xHandbooks, manuals, etc.
650 0 _aCollege readers.
700 1 _aMcMeniman, Linda.
700 1 _aLangan, John.
907 _a.b1012696x
_b17-10-11
_c15-06-04
003
005 20230123133739.0
040 _cNUST
942 _cBOOKS
_kPE1408
_mNAD
999 _c153941
_d153941